Top Ten der Klavier Produzierenden Länder - Statistiken

Allgemein
  • Dieses Quiz wurde 1.009 mal gespielt
  • Das Durchschnittsergebnis liegt bei 7 aus 10
Antwortstatistiken
% Antwort % Korrekt
19.1 Deutschland
97%
2.9 Vereinigte Staaten
97%
5.4 China
96%
36.3 Japan
80%
1.3 Italien
75%
1.6 Polen
64%
1.4 Südkorea
54%
2.5 Tschechien
38%
1.5 Niederlande
35%
20.3 Indonesien
34%
Keine übereinstimmenden Quizze gefunden
Verteilung der Resultate
Anzahl Personen mit jedem Resultat
Perzentil nach korrekt beantworteten Fragen
Ihre Resultats-Entwicklung
Sie haben dieses Quiz noch nicht gespielt